Python Programming (Record no. 13974)

MARC details
000 -LEADER
fixed length control field 00388nam a22001697a 4500
003 - CONTROL NUMBER IDENTIFIER
control field OSt
008 - FIXED-LENGTH DATA ELEMENTS--GENERAL INFORMATION
fixed length control field 260519b |||||||| |||| 00| 0 eng d
020 ## - INTERNATIONAL STANDARD BOOK NUMBER
International Standard Book Number 9789366602967
082 ## - DEWEY DECIMAL CLASSIFICATION NUMBER
Classification number 005.133 MEP
100 ## - MAIN ENTRY--PERSONAL NAME
Personal name MEHRA,Ritika
245 ## - TITLE STATEMENT
Title Python Programming
250 ## - EDITION STATEMENT
Edition statement 1st Ed Rep
260 ## - PUBLICATION, DISTRIBUTION, ETC. (IMPRINT)
Place of publication, distribution, etc New Delhi
Name of publisher, distributor, etc Cengage
Date of publication, distribution, etc 2025
300 ## - PHYSICAL DESCRIPTION
Extent MISC
942 ## - ADDED ENTRY ELEMENTS (KOHA)
Source of classification or shelving scheme Dewey Decimal Classification
Koha item type Text Books
Holdings
Withdrawn status Lost status Source of classification or shelving scheme Damaged status Not for loan Collection code Home library Current library Date acquired Source of acquisition Currency Cost, normal purchase price Bill Number Total Checkouts Full call number Acc. no. / Barcode Date last seen Actual Cost, discounted price Bill Date Koha item type Checked out Date last borrowed
    Dewey Decimal Classification     BCA in Cloud Technology and Information Security PIET C-LIBRARY PIET C-LIBRARY 13/05/2026 Zafaa Books and Distributors INR 650.00 ZBD2026-27-0043   005.133 MEP BC2737 19/05/2026 468.00 13/05/2026 Reference Books    
    Dewey Decimal Classification     BCA in Cloud Technology and Information Security PIET C-LIBRARY PIET C-LIBRARY 13/05/2026 Zafaa Books and Distributors INR 650.00 ZBD2026-27-0043   005.133 MEP BC2738 19/05/2026 468.00 13/05/2026 Text Books    
    Dewey Decimal Classification     BCA in Cloud Technology and Information Security PIET C-LIBRARY PIET C-LIBRARY 13/05/2026 Zafaa Books and Distributors INR 650.00 ZBD2026-27-0043   005.133 MEP BC2739 19/05/2026 468.00 13/05/2026 Text Books    
    Dewey Decimal Classification     BCA in Cloud Technology and Information Security PIET C-LIBRARY PIET C-LIBRARY 13/05/2026 Zafaa Books and Distributors INR 650.00 ZBD2026-27-0043   005.133 MEP BC2740 19/05/2026 468.00 13/05/2026 Text Books    
    Dewey Decimal Classification     BCA in Cloud Technology and Information Security PIET C-LIBRARY PIET C-LIBRARY 13/05/2026 Zafaa Books and Distributors INR 650.00 ZBD2026-27-0043 1 005.133 MEP BC2741 03/06/2026 468.00 13/05/2026 Text Books 21/12/2026 03/06/2026

Design & Developed by: PIET Central Library
R70 Miles Stone Pattikalyana Samalkha Panipat 132102
mail ID :- [email protected], Phone No:- 0180-2569700 Ex.216